|
|
|
|
| LEADER |
01303nam a2200301 u 4500 |
| 001 |
10010541 |
| 003 |
GR-PaULI |
| 005 |
20240327063304.0 |
| 008 |
881025s1976 ne eng |
| 020 |
|
|
|a 9027706573
|
| 040 |
|
|
|a GR-PaULI
|c GR-PaULI
|b gre
|e AACR2
|
| 082 |
0 |
4 |
|a 303.483
|2 23
|
| 245 |
1 |
0 |
|a Science and its public :
|b the changing relationship /
|c edited by Gerald Holton, William A. Blanpied.
|
| 260 |
|
|
|a Dordrecht :
|b D. Reidel,
|c 1976.
|
| 300 |
|
|
|a xi, 289 σ. ;
|c 23 εκ.
|
| 490 |
1 |
|
|a Boston studies in the philosophy of science
|v 33.
|
| 490 |
1 |
|
|a Synthese library
|v 96.
|
| 504 |
|
|
|6 Περιλαμβάνει βιβλιογραφικές παραπομπές και ευρετήριο.
|
| 505 |
1 |
|
|a
|
| 650 |
|
4 |
|a Επιστήμη
|x Κοινωνικές απόψεις
|9 11322
|
| 700 |
1 |
|
|a Blanpied, William A.,
|9 126797
|d 1933-
|e επιμελητής.
|
| 700 |
1 |
|
|a Holton, Gerald James
|9 2690
|e επιμελητής.
|
| 830 |
|
|
|9 156372
|a Synthese library
|v 96.
|
| 830 |
|
0 |
|a Boston studies in the philosophy of science
|v 33.
|9 167264
|
| 942 |
|
|
|2 ddc
|c BKN
|
| 952 |
|
|
|0 0
|1 0
|2 ddc
|4 0
|6 Π_Σ_303_483000000000000_SCI
|7 0
|9 140833
|a LISP
|b LISP
|c REF
|d 2016-04-24
|i 22151
|l 0
|o Π/Σ 303.483 SCI
|p 025000113430
|r 2016-04-24 00:00:00
|t 1
|y BKN
|
| 998 |
|
|
|c ΜΠΟΥΡΑΣ
|d 2018-03
|
| 999 |
|
|
|c 92119
|d 92119
|